Daily Country Riddle #49 - Statistics

General Stats
  • This quiz has been taken 227 times
  • The average score is 9 of 11
Answer Stats
Type Answer % Correct
Found Letter N
100%
Found Letter A
98%
Correctly Placed Letter A
89%
Found Letter E
89%
Correctly Placed Letter E
83%
Found Letter Y
83%
Correctly Placed Letter N
71%
Correctly Placed Letter Y
69%
Correctly Placed Letter K
66%
Found Letter K
66%
Mystery Country Kenya
66%
No matching quizzes found
Score Distribution
Percent of People with Each Score
Percentile by Number Answered
Your Score History
You have not taken this quiz